<?xml version="1.0" encoding="UTF-8"?><?xml-stylesheet type="text/xsl" href="static/style.xsl"?><OAI-PMH xmlns="http://www.openarchives.org/OAI/2.0/" xmlns:xsi="http://www.w3.org/2001/XMLSchema-instance" xsi:schemaLocation="http://www.openarchives.org/OAI/2.0/ http://www.openarchives.org/OAI/2.0/OAI-PMH.xsd"><responseDate>2026-07-01T18:14:40Z</responseDate><request verb="GetRecord" identifier="oai:riubu.ubu.es:10259/7417" metadataPrefix="marc">https://riubu.ubu.es/oai/request</request><GetRecord><record><header><identifier>oai:riubu.ubu.es:10259/7417</identifier><datestamp>2023-03-28T09:27:21Z</datestamp><setSpec>com_10259_3592</setSpec><setSpec>com_10259_3591</setSpec><setSpec>com_10259.4_106</setSpec><setSpec>com_10259_2604</setSpec><setSpec>com_10259_3843</setSpec><setSpec>com_10259_4313</setSpec><setSpec>com_10259_5086</setSpec><setSpec>col_10259_3930</setSpec><setSpec>col_10259_6162</setSpec><setSpec>col_10259_4314</setSpec></header><metadata><record xmlns="http://www.loc.gov/MARC21/slim" xmlns:doc="http://www.lyncode.com/xoai" xmlns:xsi="http://www.w3.org/2001/XMLSchema-instance" xmlns:dcterms="http://purl.org/dc/terms/" xsi:schemaLocation="http://www.loc.gov/MARC21/slim http://www.loc.gov/standards/marcxml/schema/MARC21slim.xsd">
<leader>00925njm 22002777a 4500</leader>
<datafield tag="042" ind1=" " ind2=" ">
<subfield code="a">dc</subfield>
</datafield>
<datafield tag="720" ind1=" " ind2=" ">
<subfield code="a">Rubio Aguinaga, Andrea</subfield>
<subfield code="e">author</subfield>
</datafield>
<datafield tag="720" ind1=" " ind2=" ">
<subfield code="a">Reglero Ruiz, José A.</subfield>
<subfield code="e">author</subfield>
</datafield>
<datafield tag="720" ind1=" " ind2=" ">
<subfield code="a">Muñoz Santamaría, María Asunción</subfield>
<subfield code="e">author</subfield>
</datafield>
<datafield tag="720" ind1=" " ind2=" ">
<subfield code="a">García García, Félix Clemente</subfield>
<subfield code="e">author</subfield>
</datafield>
<datafield tag="720" ind1=" " ind2=" ">
<subfield code="a">García Calvo, José</subfield>
<subfield code="e">author</subfield>
</datafield>
<datafield tag="720" ind1=" " ind2=" ">
<subfield code="a">Trigo López, Miriam</subfield>
<subfield code="e">author</subfield>
</datafield>
<datafield tag="260" ind1=" " ind2=" ">
<subfield code="c">2022-10</subfield>
</datafield>
<datafield tag="520" ind1=" " ind2=" ">
<subfield code="a">Low-density porous aramid films using inexpensive and widely available polymers as porosity promoters, that is, polyvinyl alcohol (PVA), poly(2-ethyl-2-oxazoline) (PEOx), and cellulose polyacetate (CA) were fabricated. Porous poly (m-phenylene isophthalamide) films were obtained by the standard casting procedure using mixtures of the aramid with either PVA, PEOx, or CA, followed by the removal of the porosity promoter polymers by immersing them in water or acetone. As a result, films with up to a 65% density reduction with pore sizes ranging from 0.02 to 10 μm and up to 30% increment in Young's modulus were obtained. In addition, the morphology of the films was homogeneous and was controlled by the proportion and nature of the porosity promoter polymer. The density reduction of materials plays a significant role in energy crises and the need for fuel reduction. This study revealed that it is possible to prepare low-density porous aramid films inexpensively without impairing their outstanding performance by using PVA in the casting procedure as a porosity promoter polymer.</subfield>
</datafield>
<datafield tag="024" ind2=" " ind1="8">
<subfield code="a">0021-8995</subfield>
</datafield>
<datafield tag="024" ind2=" " ind1="8">
<subfield code="a">http://hdl.handle.net/10259/7417</subfield>
</datafield>
<datafield tag="024" ind2=" " ind1="8">
<subfield code="a">10.1002/app.53192</subfield>
</datafield>
<datafield tag="024" ind2=" " ind1="8">
<subfield code="a">1097-4628</subfield>
</datafield>
<datafield ind1=" " ind2=" " tag="653">
<subfield code="a">Films</subfield>
</datafield>
<datafield ind1=" " ind2=" " tag="653">
<subfield code="a">Mechanical propert</subfield>
</datafield>
<datafield ind1=" " ind2=" " tag="653">
<subfield code="a">Porous materials</subfield>
</datafield>
<datafield tag="245" ind1="0" ind2="0">
<subfield code="a">Preparation of low‐density high‐performance porous aramid films using porosity promoter polymers</subfield>
</datafield>
</record></metadata></record></GetRecord></OAI-PMH>